<?xml version="1.0" encoding="UTF-8"?>
<record
    xmlns:xsi="http://www.w3.org/2001/XMLSchema-instance"
    xsi:schemaLocation="http://www.loc.gov/MARC21/slim http://www.loc.gov/standards/marcxml/schema/MARC21slim.xsd"
    xmlns="http://www.loc.gov/MARC21/slim">

  <leader>00560nam a2200205Ia 4500</leader>
  <controlfield tag="008">180523s9999    xx            000 0 und d</controlfield>
  <datafield tag="020" ind1=" " ind2=" ">
    <subfield code="a">978-81-8478-019-2</subfield>
  </datafield>
  <datafield tag="050" ind1=" " ind2=" ">
    <subfield code="a">MAIN HF 5718</subfield>
  </datafield>
  <datafield tag="050" ind1=" " ind2=" ">
    <subfield code="b">.A34 2008r</subfield>
  </datafield>
  <datafield tag="100" ind1=" " ind2=" ">
    <subfield code="a">Aggarawal, Rohini.</subfield>
  </datafield>
  <datafield tag="245" ind1=" " ind2="0">
    <subfield code="a">Taxmann's business communication and organisation &amp; management /</subfield>
  </datafield>
  <datafield tag="245" ind1=" " ind2="0">
    <subfield code="c">Rohini Aggarawal.</subfield>
  </datafield>
  <datafield tag="250" ind1=" " ind2=" ">
    <subfield code="a">2nd Edition</subfield>
  </datafield>
  <datafield tag="260" ind1=" " ind2=" ">
    <subfield code="a">New Delhi :</subfield>
  </datafield>
  <datafield tag="260" ind1=" " ind2=" ">
    <subfield code="b">Taxmann Allied Services,</subfield>
  </datafield>
  <datafield tag="260" ind1=" " ind2=" ">
    <subfield code="c">2008r</subfield>
  </datafield>
  <datafield tag="300" ind1=" " ind2=" ">
    <subfield code="a">437 pages :</subfield>
  </datafield>
  <datafield tag="300" ind1=" " ind2=" ">
    <subfield code="c">24 cm.</subfield>
  </datafield>
  <datafield tag="650" ind1=" " ind2=" ">
    <subfield code="a">Business communication.</subfield>
  </datafield>
  <datafield tag="999" ind1=" " ind2=" ">
    <subfield code="c">357216</subfield>
    <subfield code="d">357216</subfield>
  </datafield>
  <datafield tag="952" ind1=" " ind2=" ">
    <subfield code="0">0</subfield>
    <subfield code="1">0</subfield>
    <subfield code="4">0</subfield>
    <subfield code="a">SMC</subfield>
    <subfield code="b">SMC</subfield>
    <subfield code="c">MAIN</subfield>
    <subfield code="d">2011-02-14</subfield>
    <subfield code="g">793.00</subfield>
    <subfield code="l">0</subfield>
    <subfield code="o">MAIN HF 5718 .A34 2008r</subfield>
    <subfield code="p">SMC05318</subfield>
    <subfield code="r">2018-05-23 00:00:00</subfield>
    <subfield code="w">2018-05-23</subfield>
    <subfield code="y">BK </subfield>
  </datafield>
</record>
